|
|
|
|
| LEADER |
00000nam0a2200000 4500 |
| 001 |
141447 |
| 005 |
20250211063205.0 |
| 035 |
|
|
|a (RuTPU)RU\TPU\book\153311
|
| 090 |
|
|
|a 141447
|
| 100 |
|
|
|a 20080814d1991 k a0rusy5003 ca
|
| 101 |
0 |
|
|a rus
|
| 102 |
|
|
|a RU
|
| 105 |
|
|
|a a z 001zy
|
| 200 |
1 |
|
|a Системы автоматизированного проектирования для задач энергетики, электротехники и радиоэлектроники
|f Московский энергетический институт (МЭИ) ; под ред. В. Г. Миронова
|
| 210 |
|
|
|a Москва
|c Изд-во МЭИ
|d 1991
|
| 215 |
|
|
|a 166,[1] с.
|c ил.
|d 20 см
|
| 225 |
1 |
|
|a Труды Московского энергетического института (МЭИ)
|x 0234-9124
|v Вып. 635
|
| 320 |
|
|
|a Библиогр. в конце ст.
|
| 500 |
1 |
0 |
|a Труды Московского энергетического института
|9 88841
|
| 610 |
1 |
|
|a энергетическое оборудование
|
| 610 |
1 |
|
|a электрооборудование
|
| 610 |
1 |
|
|a радиоэлектронная аппаратура
|
| 610 |
1 |
|
|a проектирование
|
| 610 |
1 |
|
|a автоматизация
|
| 610 |
1 |
|
|a энергетика
|
| 610 |
1 |
|
|a электротехника
|
| 610 |
1 |
|
|a радиоэлектроника
|
| 675 |
|
|
|a 620.9
|
| 675 |
|
|
|a 621.3.001
|
| 675 |
|
|
|a 621.396.6.001.6
|
| 702 |
|
1 |
|a Миронов
|b В. Г.
|g Владимир Георгиевич
|4 340
|
| 712 |
0 |
2 |
|a Московский энергетический институт (МЭИ)
|c (1930-1992)
|3 (RuTPU)RU\TPU\col\20092
|
| 801 |
|
0 |
|a RU
|b RuMRKP
|c 19950417
|g psbo
|
| 801 |
|
1 |
|a RU
|b 63413507
|c 20080814
|g PSBO
|
| 801 |
|
2 |
|a RU
|b 63413507
|c 20170428
|g PSBO
|
| 942 |
|
|
|c BK
|